Evaluación de la administración de la banda comercial de televisión del espectro radioeléctrico en Costa Rica en el Gran Área Metropolitana
Wedi'i Gadw mewn:
| Prif Awdur: | |
|---|---|
| Awduron Eraill: | |
| Fformat: | Llyfr |
| Iaith: | Spanish |
| Cyhoeddwyd: |
[San José, Costa Rica]
2015
|
| Pynciau: | |
| Tagiau: |
Ychwanegu Tag
Dim Tagiau, Byddwch y cyntaf i dagio'r cofnod hwn!
|
MARC
| LEADER | 00000nam a22000007a 4500 | ||
|---|---|---|---|
| 003 | 012436 | ||
| 005 | 20230912092748.0 | ||
| 008 | 160803b cr a|||| |||| 00| ||spa d | ||
| 040 | |c cru CEDI | ||
| 090 | |a TFG 7594 | ||
| 100 | |9 1466 |a Montero Echeverría, Juan José, 1985 | ||
| 245 | |a Evaluación de la administración de la banda comercial de televisión del espectro radioeléctrico en Costa Rica en el Gran Área Metropolitana | ||
| 260 | |a [San José, Costa Rica] |c 2015 | ||
| 300 | |a xi, 116 hojas; ilustraciones color | ||
| 500 | |a Tesis de graduación (licenciatura en ingeniería eléctrica con énfasis en control electrónico digital)--Universidad de Costa Rica. Facultad de Ingeniería. Escuela de Ingeniería Eléctrica | ||
| 501 | |a Director de Tesis de Graduación: Ing. Teodoro Willink Castro | ||
| 648 | |x TELEVISION- ADMINISTRACION - COSTA RICA |x TELEDIFUSION - COSTA RICA |x TELEVISION DIGITAL - COSTA RICA |x TELEVISION |x TELEVISION - LEGISLACION - COSTA RICA |9 5266 | ||
| 700 | |9 1465 |a Willink Castro, Teodoro, 1986- |d Director del TFG | ||
| 942 | |c CEDI | ||
| 999 | |c 17017 |d 17017 | ||
